000 00747nam a2200253Ia 4500
003 OSt
005 20220926004239.0
006 a|||||r|||| 00| 0
007 ta
008 220923b |||||||| |||| 00| 0 eng d
020 _a8171220959
037 _cGeneral Book
040 _aRTL
_cRTL
_beng
041 _2eng
_aeng
082 _aX991.49F, P6
100 _aNAGESH KUMAR
_9264333
245 0 _aIndia- ASEAN economic relations
_b Meeting the challenges of globalization
260 _a New Delhi
_bR I S
_c2006
300 _axi, 313p
_ccm.
700 _a ASHER Mukul
_9308627
700 _a SEN Rahul
_9308628
942 _hX991.49F, P6
_cGB
_2CC
999 _c610354
_d610354